[Event "40th Guernsey Open 2014"]
[Site "Vale GCI"]
[Date "2014.10.24"]
[Round "6.30"]
[White "Shaw, Meyrick"]
[Black "Hamperl, Fred"]
[Result "0-1"]
[BlackTitle "FM"]
[WhiteElo "1964"]
[BlackElo "2114"]
[WhiteFideId "430803"]
[BlackFideId "10700110"]
[EventDate "2014.10.19"]
[EventType "swiss"]

1. d4 Nf6 2. Bf4 c5 3. e3 g6 4. c3 b6 5. d5 d6 6. Bb5+ Bd7 7. a4 a6 8. Bc4 Bg7
9. Nd2 O-O 10. Qb3 h6 11. h4 Nh5 12. Bh2 Ra7 13. Ne2 Rb7 14. Nf4 Nxf4 15. Bxf4
b5 16. Bd3 e5 17. dxe6 Bxe6 18. c4 Qe7 19. Be4 Bxc4 20. Qc2 d5 21. Nxc4 bxc4 22.
Bxd5 Rxb2 23. Qxc4 Rb4 24. Qc2 Rxf4 25. Rb1 Qe5 26. Qxc5 Qc3+ 27. Qxc3 Bxc3+ 28.
Ke2 Rxa4 29. Rb6 Kg7 30. Rhb1 Nd7 31. Rd6 Nf6 32. Bb3 Rb8 33. Bxa4 Rxb1 34. Rxa6
Rb2+ 35. Kd3 Be1 36. f3 Rd2+ 37. Kc4 Bxh4 38. Ra7 Rxg2 39. Bb3 Rd2 40. Rxf7+
Kxf7 41. Kc3+ Rd5 42. e4 Be1+ 43. Kc2 Ke6 44. exd5+ Nxd5 45. Kd3 Ke5 46. Ke2 Bg3
47. Kf1 Ne3+ 48. Ke2 Kf4 49. Bf7 g5 50. Bh5 Nc4 51. Bf7 Ne5 52. Bd5 h5 53. Be4
h4 54. Bb7 h3 55. Kf1 Nxf3 56. Bxf3 Kxf3 57. Kg1 Bc7 58. Kh1 g4 0-1

[Event "40th Guernsey Open 2014"]
[Site "Vale GCI"]
[Date "2014.10.24"]
[Round "6.31"]
[White "Kirkwood, Robin"]
[Black "Morcom, Huw"]
[Result "0-1"]
[WhiteElo "2046"]
[BlackElo "1956"]
[WhiteFideId "1800990"]
[BlackFideId "1800469"]
[EventDate "2014.10.19"]
[EventType "swiss"]

1. Nf3 g6 2. g3 Bg7 3. Bg2 d6 4. d4 f5 5. c4 Nh6 6. Nc3 Nf7 7. O-O O-O 8. Qc2 c6
9. b3 Na6 10. a3 Nc7 11. Bb2 e5 12. dxe5 dxe5 13. Rad1 Qe7 14. e4 Re8 15. Nd2
Be6 16. b4 Rad8 17. Nb3 Bxc4 18. Rfe1 Nd6 19. exf5 gxf5 20. Na5 Bf7 21. Bxc6
bxc6 22. Nxc6 Qd7 23. Nxd8 Rxd8 24. Na4 e4 25. Bxg7 Kxg7 26. Nc5 Qe7 27. a4 Nd5
28. b5 Qf6 29. Nb3 Nb4 30. Qc7 Nd3 31. Re2 Kh6 32. Nd2 Bh5 0-1

[Event "40th Guernsey Open 2014"]
[Site "Vale GCI"]
[Date "2014.10.24"]
[Round "6.32"]
[White "Cummins, J"]
[Black "von Saldern, Ruediger"]
[Result "0-1"]
[WhiteElo "1819"]
[BlackElo "1966"]
[WhiteFideId "10700196"]
[BlackFideId "4635175"]
[EventDate "2014.10.19"]
[EventType "swiss"]

1. d4 d5 2. e3 c6 3. Nf3 Nf6 4. Nc3 Bg4 5. Be2 e6 6. h3 Bh5 7. Ne5 Bxe2 8. Qxe2
Nbd7 9. Nd3 c5 10. O-O Be7 11. Bd2 O-O 12. b3 Rc8 13. f3 a6 14. a4 Qb6 15. Ne5
cxd4 16. Nxd7 Nxd7 17. a5 Qa7 18. Na4 Rxc2 19. Rac1 Rfc8 20. Rxc2 Rxc2 21. Qd3
Rc8 22. exd4 Qb8 23. Re1 Qc7 24. Rc1 Qd8 25. Re1 Bg5 26. f4 Bf6 27. Be3 Qxa5 28.
Bd2 Qb5 29. Qe3 g6 30. Kh1 Rc2 31. g3 Rc8 32. Rb1 Nb6 33. Nc5 Nc4 0-1

[Event "40th Guernsey Open 2014"]
[Site "Vale GCI"]
[Date "2014.10.24"]
[Round "6.33"]
[White "Hickman, John E"]
[Black "De Boer, Albert"]
[Result "1-0"]
[WhiteElo "1893"]
[BlackElo "2017"]
[WhiteFideId "408565"]
[BlackFideId "1007530"]
[EventDate "2014.10.19"]
[EventType "swiss"]

1. e4 e6 2. d3 d5 3. Nd2 c5 4. Ngf3 Nc6 5. g3 Nf6 6. Bg2 b5 7. O-O Be7 8. Re1 a5
9. exd5 exd5 10. c4 bxc4 11. dxc4 O-O 12. cxd5 Nb4 13. Ne5 Bd6 14. Ndc4 Bb7 15.
Bg5 h6 16. Bxf6 gxf6 17. Ng4 Kg7 18. Nxh6 Kxh6 19. Re4 f5 20. Rh4+ Kg7 21. Qh5
Rh8 22. Qxh8+ Qxh8 23. Rxh8 Rxh8 24. Nxd6 Bxd5 25. Bxd5 Nxd5 26. Rc1 Rd8 27.
Nxf5+ Kf6 28. Nh4 Rc8 29. a3 c4 30. Nf3 Kf5 31. Nd2 Nb6 32. Kg2 Ke5 33. Nf3+ Kf5
34. h4 Na4 35. b3 Nb2 36. bxc4 Rxc4 37. Rxc4 Nxc4 38. Nd4+ Ke4 39. Nb3 Kd5 40.
a4 Nb6 41. Nxa5 Nxa4 42. Nb3 Ke5 43. Kf3 Nb2 44. Kg4 Nd3 45. f4+ Kf6 46. Nd2 Nc5
47. Kf3 Kg6 48. Ne4 Ne6 49. Nd6 f5 50. Ke3 Ng7 51. Kf3 Kf6 52. g4 fxg4+ 53. Kxg4
Kg6 54. Ne4 Kh6 55. Ng3 Kg6 56. h5+ Kh7 57. Kg5 Ne6+ 58. Kf5 Nf8 59. Kf6 Kh6 60.
Ke7 Nh7 61. Kf7 1-0

[Event "40th Guernsey Open 2014"]
[Site "Vale GCI"]
[Date "2014.10.24"]
[Round "6.34"]
[White "Goris-Schouwstra, Adry"]
[Black "Sikkel, Dirk"]
[Result "1/2-1/2"]
[WhiteElo "1885"]
[BlackElo "2007"]
[WhiteFideId "1012746"]
[BlackFideId "1050079"]
[EventDate "2014.10.19"]
[EventType "swiss"]

1. d4 g6 2. c4 Bg7 3. Nc3 d6 4. e4 c6 5. Nf3 Bg4 6. Be3 Qb6 7. Na4 Qa5+ 8. Nc3
Nf6 9. Qd2 O-O 10. Be2 a6 11. O-O Qc7 12. d5 c5 13. a4 b6 14. h3 Bxf3 15. Bxf3
Nbd7 16. Bh6 Rad8 17. Bxg7 Kxg7 18. b3 e5 19. Rae1 Ng8 20. g4 f6 21. Bg2 Nh6 22.
f3 Nf7 23. h4 Rh8 24. Ne2 Nf8 25. Kf2 h5 26. gxh5 Rxh5 27. Rh1 Rh7 28. Ng3 Nh6
29. h5 g5 30. Qe2 a5 31. Reg1 Qf7 32. Bh3 Kh8 33. Ke1 Rb8 34. Kd2 1/2-1/2

[Event "40th Guernsey Open 2014"]
[Site "Vale GCI"]
[Date "2014.10.24"]
[Round "6.36"]
[White "Gravett, Alan D"]
[Black "Burton, Ronnie"]
[Result "1/2-1/2"]
[WhiteElo "1871"]
[BlackElo "1983"]
[WhiteFideId "406171"]
[BlackFideId "408441"]
[EventDate "2014.10.19"]
[EventType "swiss"]

1. Nf3 d6 2. d4 g6 3. g3 Bg7 4. Bg2 Nf6 5. O-O O-O 6. Nc3 Nc6 7. h3 e5 8. dxe5
dxe5 9. Qxd8 Rxd8 10. Nb5 Ne8 11. c4 Be6 12. Na3 h6 13. e4 Nd6 14. Nd2 Nd4 15.
Re1 c5 16. b3 a6 17. Bb2 Rac8 18. Rac1 b6 19. Nf1 h5 20. Ne3 Bh6 21. Rcd1 b5 22.
Nd5 Bxd5 23. exd5 Re8 24. Bc1 1/2-1/2

[Event "40th Guernsey Open 2014"]
[Site "Vale GCI"]
[Date "2014.10.24"]
[Round "6.37"]
[White "Ippel, Cornelius"]
[Black "Murray, J Stephen"]
[Result "0-1"]
[WhiteElo "1891"]
[BlackElo "1847"]
[WhiteFideId "1005146"]
[BlackFideId "2401495"]
[EventDate "2014.10.19"]
[EventType "swiss"]

1. Nc3 Nf6 2. Nf3 c5 3. d4 cxd4 4. Nxd4 a6 5. e4 d6 6. Bc4 e6 7. a4 Nxe4 8. Nxe4
d5 9. Nf3 dxc4 10. Qxd8+ Kxd8 11. Neg5 Ke8 12. Be3 f6 13. Ne4 Nc6 14. O-O Be7
15. Rfd1 e5 16. Nd6+ Bxd6 17. Rxd6 Bf5 18. Ne1 Rd8 19. Rad1 Kf7 20. c3 Rxd6 21.
Rxd6 Rd8 22. Bc5 Rxd6 23. Bxd6 Ke6 24. Bc7 Bd3 25. f3 f5 26. a5 e4 27. Kf2 Kd5
28. Bb6 Ne5 29. fxe4+ Bxe4 30. h3 g6 31. Ke3 Nd7 32. Bd8 Nc5 33. Bb6 Na4 34. Bd8
Nxb2 35. g3 Na4 36. Bf6 Nc5 37. Be5 Ne6 38. Bf6 Kc6 39. Bd4 Kb5 40. Bb6 Nc5 41.
Kd4 Nb3+ 42. Ke5 Nxa5 43. Be3 Kc6 44. Kf6 Kd7 45. Bf4 Nc6 46. Kg7 Ke6 47. h4 b5
48. Kxh7 Kf7 49. Kh6 a5 50. Kg5 b4 51. cxb4 axb4 52. g4 b3 53. gxf5 b2 54. fxg6+
Bxg6 55. h5 0-1

[Event "40th Guernsey Open 2014"]
[Site "Vale GCI"]
[Date "2014.10.25"]
[Round "7.1"]
[White "Hambleton, Aman"]
[Black "Hansen, Eric"]
[Result "1/2-1/2"]
[WhiteTitle "IM"]
[BlackTitle "GM"]
[WhiteElo "2456"]
[BlackElo "2574"]
[WhiteFideId "2606577"]
[BlackFideId "2606771"]
[EventDate "2014.10.19"]
[EventType "swiss"]

1. d4 Nf6 2. c4 e6 3. Nc3 Bb4 4. Qc2 O-O 5. a3 Bxc3+ 6. Qxc3 d5 7. Bg5 dxc4 8.
Qxc4 b6 9. Nf3 Ba6 10. Qa4 c5 11. dxc5 bxc5 12. Rd1 Qb6 13. Rd2 Nc6 14. Bxf6
gxf6 15. Qg4+ Kh8 16. Qh4 Kg7 17. Qg4+ Kh8 18. Qh4 Kg7 19. Qg4+ 1/2-1/2

[Event "40th Guernsey Open 2014"]
[Site "Vale GCI"]
[Date "2014.10.25"]
[Round "7.2"]
[White "Hillarp Persson, Tiger"]
[Black "De Haan, Eric"]
[Result "1-0"]
[WhiteTitle "GM"]
[BlackTitle "FM"]
[WhiteElo "2555"]
[BlackElo "2282"]
[WhiteFideId "1700812"]
[BlackFideId "1005006"]
[EventDate "2014.10.19"]
[EventType "swiss"]

1. d4 Nf6 2. c4 c5 3. d5 e6 4. Nc3 exd5 5. cxd5 d6 6. Nf3 g6 7. Nd2 Nbd7 8. e4
Bg7 9. Be2 O-O 10. O-O Re8 11. a4 Ne5 12. Re1 a6 13. a5 Rb8 14. Nf1 b5 15. axb6
Rxb6 16. h3 Rb4 17. Qc2 Nh5 18. Bxh5 gxh5 19. Ng3 Qh4 20. Qe2 Bg4 21. hxg4 Nxg4
22. Nf1 f5 23. Qf3 Bd4 24. Be3 Rxb2 25. Bxd4 cxd4 26. Nd1 fxe4 27. Rxe4 Rxe4 28.
Nxb2 Ne5 29. Qg3+ Qg4 30. f3 Qxg3 31. Nxg3 Re3 32. Nxh5 Rb3 33. Nd1 a5 34. Nf6+
Kf7 35. Ne4 Nc4 36. Rc1 Ne3 37. Nxd6+ Kf6 38. Nxe3 dxe3 39. Nc4 a4 40. Kf1 a3
41. Ra1 Rc3 42. Nxa3 Ke5 43. Ke2 Kxd5 44. Rd1+ Ke5 45. Rd3 1-0

[Event "40th Guernsey Open 2014"]
[Site "Vale GCI"]
[Date "2014.10.25"]
[Round "7.3"]
[White "Tjiam, Dharma"]
[Black "Wager, John D"]
[Result "1-0"]
[WhiteTitle "IM"]
[WhiteElo "2386"]
[BlackElo "2088"]
[WhiteFideId "1001493"]
[BlackFideId "420204"]
[EventDate "2014.10.19"]
[EventType "swiss"]

1. d4 f5 2. Bg5 g6 3. Nc3 Bg7 4. h4 h6 5. Bf4 Nf6 6. Nf3 d6 7. e3 Be6 8. Bd3 c6
9. e4 fxe4 10. Nxe4 Nxe4 11. Bxe4 Bf5 12. Bxf5 Qa5+ 13. Qd2 Qxd2+ 14. Kxd2 gxf5
15. Rae1 Kf7 16. h5 Nd7 17. Nh4 e6 18. c3 Nf6 19. Kc2 Rad8 20. Bc1 Rhe8 21. g3
b6 22. b4 c5 23. dxc5 bxc5 24. bxc5 Ne4 25. Re3 dxc5 26. Rf1 c4 27. g4 Rd5 28.
gxf5 exf5 29. Rfe1 Nd6 30. Rxe8 Nxe8 31. Ng6 Bf6 32. Bxh6 Rd3 33. Bd2 Rh3 34.
Ne5+ Bxe5 35. Rxe5 Rxh5 36. Ra5 Ke6 37. Rxa7 Rh2 38. Be3 Nd6 39. Ra6 Kd5 40.
Rxd6+ 1-0

[Event "40th Guernsey Open 2014"]
[Site "Vale GCI"]
[Date "2014.10.25"]
[Round "7.4"]
[White "Wustefeld, Carl"]
[Black "Hewson, Brian Wr"]
[Result "1-0"]
[WhiteElo "2256"]
[BlackElo "2066"]
[WhiteFideId "1006347"]
[BlackFideId "437484"]
[EventDate "2014.10.19"]
[EventType "swiss"]

1. d4 d5 2. Nc3 Nf6 3. Bg5 e6 4. e4 dxe4 5. Nxe4 Be7 6. Bxf6 Bxf6 7. Nf3 Nd7 8.
Bd3 c5 9. dxc5 Nxc5 10. Bb5+ Bd7 11. Bxd7+ Nxd7 12. Nd6+ Ke7 13. Nc4 Qc7 14. Qe2
Rac8 15. Ne3 Qa5+ 16. Nd2 Bxb2 17. Rd1 Bc3 18. O-O Bxd2 19. Rxd2 Nb6 20. Rfd1
Rhd8 21. Rxd8 Rxd8 22. Rxd8 Kxd8 23. Qd3+ Ke7 24. Qxh7 Qe1+ 25. Nf1 Qa1 26. Qe4
Qxa2 27. Qxb7+ Kf6 28. h4 Nd5 29. Ng3 Qa1+ 30. Nf1 Qd4 31. g3 Qb6 32. Qa8 Qc7
33. c4 Qxc4 34. Qxa7 Qe4 35. Qa8 Qb1 36. Qh8 Qe4 37. h5 Qe5 38. h6 Qh5 39. h7
Qh6 40. Qd8+ 1-0

[Event "40th Guernsey Open 2014"]
[Site "Vale GCI"]
[Date "2014.10.25"]
[Round "7.5"]
[White "Hallerod, Ralph"]
[Black "Mack, Wolfgang"]
[Result "0-1"]
[BlackTitle "FM"]
[WhiteElo "2115"]
[BlackElo "2219"]
[WhiteFideId "1705644"]
[BlackFideId "4685458"]
[EventDate "2014.10.19"]
[EventType "swiss"]

1. d4 d5 2. c4 Nc6 3. Nf3 Bg4 4. cxd5 Bxf3 5. dxc6 Bxc6 6. Nc3 Nf6 7. f3 e5 8.
dxe5 Nd7 9. Bf4 Bb4 10. e6 fxe6 11. Qb3 Qe7 12. e4 Nc5 13. Qc2 O-O-O 14. Bd2 Ba4
15. b3 Qh4+ 16. g3 Qf6 17. O-O-O Rxd2 18. Rxd2 Bxc3 19. bxa4 Bxd2+ 20. Kxd2 Qxf3
21. Qxc5 Rd8+ 22. Bd3 Rxd3+ 23. Kc2 Rd6 24. Qb5 Qxe4+ 0-1

[Event "40th Guernsey Open 2014"]
[Site "Vale GCI"]
[Date "2014.10.25"]
[Round "7.6"]
[White "Rosen, Daniel B"]
[Black "Johnsen, Gunnar"]
[Result "1/2-1/2"]
[WhiteTitle "CM"]
[WhiteElo "2068"]
[BlackElo "2140"]
[WhiteFideId "405418"]
[BlackFideId "1500511"]
[EventDate "2014.10.19"]
[EventType "swiss"]

1. f4 d5 2. Nf3 g6 3. e3 Bg7 4. d4 c5 5. c3 Qc7 6. Bd3 Nh6 7. O-O O-O 8. Nbd2
Nd7 9. Ne5 Nf6 10. Ndf3 Bf5 11. Bd2 Bxd3 12. Nxd3 c4 13. Nf2 Nf5 14. Qc2 Nd6 15.
Rfb1 Rfc8 16. Be1 Nfe4 17. Nxe4 Nxe4 18. Nd2 Nd6 19. Bg3 Qd7 20. e4 dxe4 21.
Nxe4 Qf5 22. Re1 e6 23. Rac1 Nxe4 24. Qxe4 Qxe4 25. Rxe4 Rd8 26. Bh4 Rd7 27. Kf1
Rc8 28. Ke2 b5 29. Kd2 a5 30. Kc2 b4 31. Rb1 Rb7 32. Ree1 Rb5 33. Be7 Rcb8 34.
Bd6 R8b7 35. a4 Rd5 36. Bc5 Bf8 37. Bxf8 Kxf8 38. Re5 Rbd7 39. Rbe1 Ke7 40. Rxd5
Rxd5 41. Re5 Kd6 42. Kd2 f6 43. Rxd5+ Kxd5 44. Ke3 bxc3 45. bxc3 h6 46. h4 h5 1/2-1/2

[Event "40th Guernsey Open 2014"]
[Site "Vale GCI"]
[Date "2014.10.25"]
[Round "7.8"]
[White "Grieve, Harry"]
[Black "Dilleigh, Stephen P"]
[Result "1/2-1/2"]
[WhiteElo "1738"]
[BlackElo "2128"]
[WhiteFideId "426520"]
[BlackFideId "408379"]
[EventDate "2014.10.19"]
[EventType "swiss"]

1. e4 e6 2. d4 d5 3. exd5 exd5 4. Nf3 Bd6 5. h3 Nc6 6. c4 dxc4 7. Bxc4 Nf6 8.
Qe2+ Qe7 9. Qxe7+ Nxe7 10. Nc3 c6 11. Bg5 Ned5 12. O-O 1/2-1/2

[Event "40th Guernsey Open 2014"]
[Site "Vale GCI"]
[Date "2014.10.25"]
[Round "7.9"]
[White "Broek, Thomas"]
[Black "Lochte, Thomas"]
[Result "1/2-1/2"]
[WhiteElo "2201"]
[BlackElo "2071"]
[WhiteFideId "1005731"]
[BlackFideId "4606272"]
[EventDate "2014.10.19"]
[EventType "swiss"]

1. e4 e5 2. Nf3 Nc6 3. Bc4 Nf6 4. Ng5 d5 5. exd5 b5 6. Bxb5 Qxd5 7. Nc3 Qxg2 8.
Qf3 Qxf3 9. Nxf3 Bd7 10. d3 Bb4 1/2-1/2

[Event "40th Guernsey Open 2014"]
[Site "Vale GCI"]
[Date "2014.10.25"]
[Round "7.10"]
[White "Hess, Christian1"]
[Black "Bolt, Graham"]
[Result "1/2-1/2"]
[WhiteTitle "FM"]
[WhiteElo "2185"]
[BlackElo "1981"]
[WhiteFideId "4605969"]
[BlackFideId "410438"]
[EventDate "2014.10.19"]
[EventType "swiss"]

1. Nf3 g6 2. e4 Bg7 3. d4 d6 4. Be2 Nd7 5. c4 c5 6. Nc3 cxd4 7. Nxd4 Ngf6 8. Be3
O-O 9. O-O Nc5 10. f3 a6 11. Qd2 Rb8 12. Rfd1 Ne6 13. Rac1 Nxd4 14. Bxd4 Be6 15.
b3 Nd7 16. Be3 Re8 17. Bf1 Qa5 18. Nd5 Qxd2 19. Rxd2 Rbc8 20. Kf2 h5 21. g3 Kh7
22. Nf4 Nc5 23. Nxe6 Nxe6 24. Bh3 Rc6 25. Ke2 Nf8 26. b4 b6 27. a4 Rb8 28. b5
axb5 29. axb5 Rc7 30. Ra2 Nd7 31. Bxd7 Rxd7 32. Ra6 Rdb7 33. Rc2 e6 34. Rd2 Bf6
35. Bf4 e5 36. Be3 Be7 37. Rd5 Kg7 38. Kd3 Kf8 39. f4 f6 40. h3 Ke8 41. Kc3 Kd7
42. Kb3 Kc7 43. Ra2 Rf8 44. Rf2 Ra7 45. Bd2 Ra1 46. Bb4 Rb1+ 47. Kc3 Rc1+ 48.
Kb3 1/2-1/2

[Event "40th Guernsey Open 2014"]
[Site "Vale GCI"]
[Date "2014.10.25"]
[Round "7.11"]
[White "Gieben, Stijn"]
[Black "Rowe, Peter"]
[Result "1/2-1/2"]
[BlackTitle "CM"]
[WhiteElo "2157"]
[BlackElo "1962"]
[WhiteFideId "1034170"]
[BlackFideId "10700099"]
[EventDate "2014.10.19"]
[EventType "swiss"]

1. e4 d6 2. d4 Nf6 3. f3 Nbd7 4. Be3 c6 5. c3 e5 6. Bc4 Be7 7. Ne2 d5 8. exd5
cxd5 9. Bb3 O-O 10. O-O exd4 11. Bxd4 Bc5 12. Bxc5 Nxc5 13. Nd4 Qb6 14. Re1 Bf5
15. Qd2 Rfe8 16. Na3 Nxb3 17. axb3 a6 18. Rxe8+ Rxe8 19. Re1 Bg6 20. Kf2 h6 21.
Rxe8+ Nxe8 22. Qf4 Kf8 23. g4 Qc7 24. Ne2 Bh7 25. b4 g5 26. Qxc7 Nxc7 27. Ke3
Ke7 28. Nd4 b5 1/2-1/2

[Event "40th Guernsey Open 2014"]
[Site "Vale GCI"]
[Date "2014.10.25"]
[Round "7.12"]
[White "Jackson, Oliver A"]
[Black "Canonne, Antoine"]
[Result "1-0"]
[WhiteTitle "FM"]
[WhiteElo "2142"]
[BlackElo "1945"]
[WhiteFideId "403156"]
[BlackFideId "619388"]
[EventDate "2014.10.19"]
[EventType "swiss"]

1. e4 c6 2. d4 d5 3. Nc3 dxe4 4. Nxe4 Bf5 5. Ng3 Bg6 6. h4 h6 7. N1e2 Nf6 8. Nf4
Bh7 9. Bc4 e6 10. O-O Nd5 11. Re1 Nxf4 12. Bxf4 Qxh4 13. Qf3 Be7 14. Nh5 Bf6 15.
g3 Qh3 16. Nxf6+ gxf6 17. Bxb8 Rxb8 18. Bxe6 fxe6 19. Qxf6 Kd7 20. Qf7+ Kd6 21.
c4 Rbf8 22. c5+ Kd5 23. Qd7+ Kc4 24. Rac1+ Kd3 25. Qxb7 Rb8 26. Qa6+ Rb5 27.
Qa3+ 1-0

[Event "40th Guernsey Open 2014"]
[Site "Vale GCI"]
[Date "2014.10.25"]
[Round "7.13"]
[White "Campbell, Ian"]
[Black "Reijneveld, Ad"]
[Result "1/2-1/2"]
[WhiteElo "1980"]
[BlackElo "2120"]
[WhiteFideId "415219"]
[BlackFideId "1010654"]
[EventDate "2014.10.19"]
[EventType "swiss"]

1. d4 Nf6 2. Nf3 d6 3. Bf4 Nbd7 4. e3 g6 5. h3 Bg7 6. Be2 O-O 7. O-O Re8 8. c4
Nf8 9. Nc3 N6d7 10. Bh2 e5 11. Rc1 c6 12. dxe5 dxe5 13. Qd2 Qe7 14. Rfd1 Ne6 15.
Ne4 Rd8 16. Qd6 Kf8 17. Qxe7+ 1/2-1/2

[Event "40th Guernsey Open 2014"]
[Site "Vale GCI"]
[Date "2014.10.25"]
[Round "7.14"]
[White "Curtis, John E"]
[Black "Taylor, Mark V"]
[Result "1/2-1/2"]
[WhiteElo "2100"]
[BlackElo "2061"]
[WhiteFideId "411892"]
[BlackFideId "409243"]
[EventDate "2014.10.19"]
[EventType "swiss"]

1. d4 e6 2. Nd2 f5 3. e4 fxe4 4. Nxe4 Nf6 5. Bd3 Nc6 6. c3 d6 7. Nf3 Bd7 8. Nfg5
g6 9. Nxf6+ Qxf6 10. Ne4 Qg7 11. Bg5 Be7 12. Qd2 h6 13. Bxe7 1/2-1/2

[Event "40th Guernsey Open 2014"]
[Site "Vale GCI"]
[Date "2014.10.25"]
[Round "7.15"]
[White "Heppell, Ian N"]
[Black "Fassaert, Desire"]
[Result "1-0"]
[WhiteElo "2087"]
[BlackElo "1908"]
[WhiteFideId "412058"]
[BlackFideId "1008331"]
[EventDate "2014.10.19"]
[EventType "swiss"]

1. e4 c6 2. Nc3 d5 3. Nf3 Bg4 4. h3 Bxf3 5. Qxf3 e6 6. d3 Nd7 7. Bd2 Ngf6 8. g4
g6 9. O-O-O Bg7 10. Qg3 Qb6 11. e5 Ng8 12. f4 Ne7 13. Bg2 O-O-O 14. Rde1 h5 15.
Rhf1 hxg4 16. hxg4 Rh7 17. Rh1 Rdh8 18. Rxh7 Rxh7 19. Kb1 Qd8 20. d4 Qh8 21. Be3
Nb6 22. b3 Kb8 23. a4 Qd8 24. Rh1 Rxh1+ 25. Bxh1 Qh8 26. Bg2 Nd7 27. Kc1 Kc7 28.
Kb2 Nb6 29. Bh3 Bf8 30. Bf1 Nd7 31. Bd3 Qh7 32. Ne2 Nb8 33. Ng1 Qh1 34. Nh3 Kd7
35. Bg1 1-0

[Event "40th Guernsey Open 2014"]
[Site "Vale GCI"]
[Date "2014.10.25"]
[Round "7.16"]
[White "Spanton, Tim R"]
[Black "Prins, Jan"]
[Result "1-0"]
[WhiteElo "1975"]
[BlackElo "2049"]
[WhiteFideId "404802"]
[BlackFideId "1017179"]
[EventDate "2014.10.19"]
[EventType "swiss"]

1. d4 d5 2. Nc3 c6 3. Nf3 Nf6 4. Bf4 Bf5 5. e3 e6 6. Bd3 Bg6 7. O-O b5 8. Ne5 b4
9. Na4 Be7 10. Rc1 Nfd7 11. c4 Nxe5 12. Bxe5 O-O 13. cxd5 cxd5 14. Bxg6 hxg6 15.
Rc7 Na6 16. Rc6 Nb8 17. Bxb8 Rxb8 18. Qc2 Qa5 19. Rc1 Qb5 20. b3 Rfd8 21. g3 g5
22. Nb2 g6 23. Qd3 a6 24. Rxa6 Rd7 25. Qxb5 Rxb5 26. Kf1 Kg7 27. Rc8 Bf6 28.
Raa8 Be7 29. Ke2 Bd6 30. Rd8 Rxd8 31. Rxd8 Be7 32. Rd7 Kf8 33. Kd3 Rb8 34. Rc7
Bd6 35. Rc2 Ke7 36. f3 f5 37. Na4 Rf8 38. Nb6 f4 39. Nc8+ Kd7 40. Nxd6 Kxd6 41.
gxf4 gxf4 42. e4 dxe4+ 43. Kxe4 g5 44. Rg2 Rf5 45. Rc2 Ra5 46. Kd3 Ra8 47. Kd2
Rh8 48. Kd3 Ra8 49. Rg2 Rg8 50. h4 Rc8 51. hxg5 Kd5 52. Rc2 Ra8 53. g6 e5 54.
Rc5+ Kd6 55. Rxe5 Rxa2 56. Rg5 Ra8 57. g7 Rg8 58. Ke4 Ke6 59. Kxf4 Kf6 60. Rf5+
Kg6 61. d5 Kh6 62. Rg5 Rc8 63. g8=R 1-0

[Event "40th Guernsey Open 2014"]
[Site "Vale GCI"]
[Date "2014.10.25"]
[Round "7.17"]
[White "Thurlow, Kevin J"]
[Black "Purdon, Colin"]
[Result "1/2-1/2"]
[WhiteTitle "CM"]
[WhiteElo "2005"]
[BlackElo "2106"]
[WhiteFideId "406104"]
[BlackFideId "408581"]
[EventDate "2014.10.19"]
[EventType "swiss"]

1. c4 e5 2. Nc3 Nf6 3. Nf3 Nc6 4. e3 Bb4 5. Qc2 Bxc3 6. bxc3 O-O 7. Be2 e4 8.
Nd4 d6 9. O-O Re8 10. Rb1 Ne7 11. f3 c5 12. Nb3 Bf5 13. fxe4 Bxe4 14. d3 Bg6 15.
e4 Nd7 16. Bf4 Nb6 17. Nd2 Nc6 18. Nf3 Ne5 19. a4 Qc7 20. Nh4 1/2-1/2

[Event "40th Guernsey Open 2014"]
[Site "Vale GCI"]
[Date "2014.10.25"]
[Round "7.18"]
[White "Havenaar, Jan"]
[Black "Kirby, Peter J."]
[Result "1/2-1/2"]
[BlackTitle "CM"]
[WhiteElo "2050"]
[BlackElo "1985"]
[WhiteFideId "1005081"]
[BlackFideId "409014"]
[EventDate "2014.10.19"]
[EventType "swiss"]

1. Nc3 c5 2. Nf3 Nc6 3. d4 cxd4 4. Nxd4 g6 5. e4 Bg7 6. Be3 Nf6 7. Be2 O-O 8.
Nb3 a5 9. a4 Nb4 10. e5 Ne8 11. f4 d6 12. O-O Be6 13. Nd4 dxe5 14. Nxe6 fxe6 15.
fxe5 Qxd1 16. Raxd1 Rxf1+ 17. Bxf1 Bxe5 1/2-1/2

[Event "40th Guernsey Open 2014"]
[Site "Vale GCI"]
[Date "2014.10.25"]
[Round "7.19"]
[White "Dijksterhuis, Rolf"]
[Black "Collier, David O"]
[Result "1-0"]
[WhiteElo "1971"]
[BlackElo "2043"]
[WhiteFideId "1006452"]
[BlackFideId "406422"]
[EventDate "2014.10.19"]
[EventType "swiss"]

1. e4 c5 2. Nf3 d6 3. d4 cxd4 4. Nxd4 Nf6 5. Nc3 a6 6. Bc4 e6 7. Bb3 Nbd7 8. Be3
Nc5 9. f3 Be7 10. Qd2 O-O 11. O-O-O Qc7 12. g4 Nxb3+ 13. axb3 b5 14. h4 Nd7 15.
h5 Nb6 16. g5 Bd7 17. Qh2 Rac8 18. g6 b4 19. h6 1-0

[Event "40th Guernsey Open 2014"]
[Site "Vale GCI"]
[Date "2014.10.25"]
[Round "7.20"]
[White "Van den Boogaart, Jan Maarten"]
[Black "Magnussen, Pal"]
[Result "1/2-1/2"]
[WhiteElo "2041"]
[BlackElo "1952"]
[WhiteFideId "1044559"]
[BlackFideId "1711814"]
[EventDate "2014.10.19"]
[EventType "swiss"]

1. e4 e5 2. Nf3 Nc6 3. d4 exd4 4. Nxd4 g6 5. Nc3 Bg7 6. Nde2 Nf6 7. g3 d6 8. Bg2
O-O 9. O-O Be6 10. Nf4 Bc4 11. Re1 Ba6 12. Rb1 Ne5 13. b3 c6 14. Na4 b5 15. Nc3
b4 16. Na4 Bb5 17. Nb2 Qc7 18. Qd2 a5 19. c4 bxc3 20. Qxc3 Rab8 21. Bd2 g5 22.
Ne2 h6 23. Nd4 Kh7 24. Qxa5 Qd7 25. Qc3 Rfe8 26. Nf5 Bh8 27. Qc2 Ng6 28. Rbd1 d5
29. Bc3 Rbd8 30. exd5 Rxe1+ 31. Rxe1 cxd5 32. Rd1 Rc8 33. Nd4 Ba6 34. Na4 Rc7
35. Qb1 Qg4 36. h3 Qc8 37. Bb2 Bb7 38. b4 Ne4 39. Nb3 Qf5 40. Rf1 Ba6 41. Nd4
Bxd4 42. Bxd4 Bxf1 43. Qxf1 Rc2 44. Nc5 Nd2 45. Qd3 Qxd3 46. Nxd3 Rxa2 47. Bxd5
Ra3 48. Ne5 Nxe5 49. Bxe5 Nf3+ 50. Bxf3 Rxf3 51. Bd4 Rb3 52. Bc5 Kg6 53. Kg2 Kf5
54. Bf8 h5 55. Be7 Kg6 56. Bd6 f5 57. Be7 g4 58. hxg4 hxg4 59. Bd6 Kf6 60. Bc5
Ke5 61. Bf8 Ke4 62. Be7 Kd3 63. Bd6 Ke2 64. Be7 Ke1 65. Bd6 Rb2 66. Bc5 Kd1 67.
Kf1 Kd2 68. Kg2 1/2-1/2